[Event "EU-chT Seniors 65"]
[Site "Swidnica"]
[Date "2025.04.10"]
[Round "6.2"]
[White "Kosten, Anthony C"]
[Black "Bowmer, Kevin"]
[Result "1-0"]
[WhiteElo "2366"]
[BlackElo "2126"]
[PlyCount "61"]
[EventDate "2025.04.05"]
[EventType "team-tourn"]
[EventRounds "9"]
[EventCountry "POL"]
[SourceTitle "CB16_2025"]
[SourceDate "2025.04.16"]
[SourceVersion "1"]
[SourceVersionDate "2025.04.16"]
[SourceQuality "1"]
[WhiteTeam "England 65"]
[BlackTeam "England 65 II"]
[WhiteTeamCountry "ENG"]
[BlackTeamCountry "ENG"]

1. c4 c5 2. g3 g6 3. Bg2 Bg7 4. Nc3 Nc6 5. d3 d6 6. Qd2 e5 7. b3 Nge7 8. Bb2 Rb8 9. e3 a6 10. Nge2 b5 11. 0-0 0-0 12. h3 f5 13. Rad1 Kh8 14. f4 b4 15. Nd5 Nxd5 16. cxd5 Ne7 17. Kh2 a5 18. Rc1 Qb6 19. Ng1 Ba6 20. Rf2 Rfe8 21. e4 Rbc8 22. fxe5 dxe5 23. Nf3 Ng8 24. Ng5 Qf6 25. exf5 gxf5 26. Ne6 Rxe6 27. dxe6 Qxe6 28. Qe3 Ne7 29. Rxc5 Rxc5 30. Qxc5 Bxd3 31. Qxa5 1-0

[Event "EU-chT Seniors 65"]
[Site "Swidnica"]
[Date "2025.04.07"]
[Round "3.14"]
[White "Kosten, Anthony C"]
[Black "Woestmann, Hans Joachim"]
[Result "1-0"]
[WhiteElo "2366"]
[BlackElo "2029"]
[PlyCount "63"]
[EventDate "2025.04.05"]
[EventType "team-tourn"]
[EventRounds "9"]
[EventCountry "POL"]
[SourceTitle "CB16_2025"]
[SourceDate "2025.04.16"]
[SourceVersion "1"]
[SourceVersionDate "2025.04.16"]
[SourceQuality "1"]
[WhiteTeam "England 65"]
[BlackTeam "Osnabruck 65"]
[WhiteTeamCountry "ENG"]
[BlackTeamCountry "GER"]

1. Nf3 d5 2. g3 Nf6 3. Bg2 e6 4. 0-0 Be7 5. c4 0-0 6. d3 b6 7. cxd5 Nxd5 8. a3 c5 9. d4 cxd4 10. Nxd4 Bb7 11. e4 Nf6 12. Nc3 Na6 13. Re1 Qd7 14. Bf4 Nc7 15. Bxc7 Qxc7 16. e5 Nd5 17. Nxd5 Bxd5 18. Bxd5 exd5 19. Nf5 Rfd8 20. Qg4 Bf8 21. e6 fxe6 22. Rxe6 Re8 23. Rxe8 Rxe8 24. Rd1 Qc2 25. Rxd5 Qxb2 26. Nh6+ Kh8 27. Nf7+ Kg8 28. Ng5 Qb1+ 29. Rd1 Qg6 30. Qc4+ Kh8 31. Nf7+ Kg8 32. Nh6+ 1-0

[Event "EU-chT Seniors 65"]
[Site "Swidnica"]
[Date "2025.04.06"]
[Round "2.2"]
[White "Zyla, Janusz"]
[Black "Kosten, Anthony C"]
[Result "1/2-1/2"]
[WhiteElo "2181"]
[BlackElo "2366"]
[PlyCount "43"]
[EventDate "2025.04.05"]
[EventType "team-tourn"]
[EventRounds "9"]
[EventCountry "POL"]
[SourceTitle "CB16_2025"]
[SourceDate "2025.04.16"]
[SourceVersion "1"]
[SourceVersionDate "2025.04.16"]
[SourceQuality "1"]
[WhiteTeam "Lower Silesia 65"]
[BlackTeam "England 65"]
[WhiteTeamCountry "POL"]
[BlackTeamCountry "ENG"]

1. e4 e5 2. Nf3 Nc6 3. Bb5 a6 4. Ba4 Bc5 5. 0-0 Nge7 6. c3 Ng6 7. d4 Ba7 8. Bg5 f6 9. Be3 0-0 10. Nbd2 d6 11. Re1 Kh8 12. Nf1 exd4 13. Nxd4 Nxd4 14. Bxd4 Bxd4 15. Qxd4 Be6 16. Ne3 Qe7 17. Bc2 Qf7 18. b3 Rad8 19. Rad1 Ne7 20. Nd5 Nxd5 21. exd5 Bd7 22. Re3 1/2-1/2

[Event "WchT Seniors 65"]
[Site "Prague"]
[Date "2025.02.25"]
[Round "8.3"]
[White "Kosten, Anthony C"]
[Black "Baker, Chris W"]
[Result "1-0"]
[WhiteElo "2372"]
[BlackElo "2150"]
[PlyCount "76"]
[EventDate "2025.02.17"]
[EventType "team-swiss"]
[EventRounds "9"]
[EventCountry "CZE"]
[SourceTitle "CB09_2025"]
[SourceDate "2025.02.27"]
[SourceVersion "1"]
[SourceVersionDate "2025.02.27"]
[SourceQuality "1"]
[WhiteTeam "England 65"]
[BlackTeam "England 65 II"]
[WhiteTeamCountry "ENG"]
[BlackTeamCountry "ENG"]

1. e4 e5 2. Nf3 Nc6 3. Bb5 a6 4. Ba4 Nf6 5. Nc3 d6 6. Bxc6+ bxc6 7. d4 exd4 8. Nxd4 Bd7 9. Qf3 c5 10. Nf5 g6 11. Nh6 Bxh6 12. Bxh6 Ng4 13. Bf4 g5 14. Bg3 Be6 15. 0-0-0 Qf6 16. Qxf6 Nxf6 17. e5 Nh5 18. exd6 Nxg3 19. hxg3 cxd6 20. Rxd6 Ke7 21. Rb6 c4 22. Ne4 h6 23. Re1 Rhb8 24. Rxb8 Rxb8 25. Nc5 Rb6 26. Nxe6 fxe6 27. g4 Kd6 28. Rh1 Ke5 29. Rxh6 Kf4 30. Rh3 Kxg4 31. Rc3 Rb4 32. a3 Ra4 33. Kd2 Kf4 34. Rf3+ Ke4 35. Kc3 e5 36. Rf6 g4 37. g3 a5 38. Rf7 Kd5 1-0

[Event "WchT Seniors 65"]
[Site "Prague"]
[Date "2025.02.23"]
[Round "6.2"]
[White "Maryasin, Boris Feliksovich"]
[Black "Kosten, Anthony C"]
[Result "1/2-1/2"]
[WhiteElo "2218"]
[BlackElo "2372"]
[PlyCount "46"]
[EventDate "2025.02.17"]
[EventType "team-swiss"]
[EventRounds "9"]
[EventCountry "CZE"]
[SourceTitle "CB09_2025"]
[SourceDate "2025.02.27"]
[SourceVersion "1"]
[SourceVersionDate "2025.02.27"]
[SourceQuality "1"]
[WhiteTeam "Israel 65"]
[BlackTeam "England 65"]
[WhiteTeamCountry "ISR"]
[BlackTeamCountry "ENG"]

1. e4 e5 2. Nf3 Nc6 3. Bb5 Nge7 4. 0-0 Ng6 5. d4 exd4 6. Nxd4 Bc5 7. Nf5 0-0 8. Nc3 d6 9. Qh5 Nd4 10. Bd3 c6 11. Na4 Ne6 12. Nxc5 Nxc5 13. Rd1 Bxf5 14. Qxf5 Nxd3 15. Rxd3 Re8 16. Bf4 Nxf4 17. Qxf4 Qe7 18. f3 Rad8 19. Rad1 d5 20. exd5 Qc5+ 21. Qd4 Rxd5 22. Qxc5 Rxc5 23. Re3 Kf8 1/2-1/2

[Event "WchT Seniors 65"]
[Site "Prague"]
[Date "2025.02.17"]
[Round "1.6"]
[White "Soderberg, Per"]
[Black "Kosten, Anthony C"]
[Result "0-1"]
[WhiteElo "2065"]
[BlackElo "2372"]
[PlyCount "82"]
[EventDate "2025.02.17"]
[EventType "team-swiss"]
[EventRounds "9"]
[EventCountry "CZE"]
[SourceTitle "CB09_2025"]
[SourceDate "2025.02.27"]
[SourceVersion "1"]
[SourceVersionDate "2025.02.27"]
[SourceQuality "1"]
[WhiteTeam "Sweden 65 II"]
[BlackTeam "England 65"]
[WhiteTeamCountry "SWE"]
[BlackTeamCountry "ENG"]

1. e4 e5 2. Nf3 Nc6 3. c3 Nf6 4. d3 d5 5. Qc2 h6 6. Be2 Bd6 7. 0-0 0-0 8. Nbd2 Re8 9. Re1 Ne7 10. Nf1 Ng6 11. Ng3 c6 12. a4 a5 13. h3 Be6 14. Bf1 Qd7 15. Bd2 Bc7 16. Rad1 Bb6 17. Be3 Bxe3 18. fxe3 dxe4 19. dxe4 Qc7 20. c4 Qb6 21. Rd3 Nd7 22. Rc3 Nc5 23. Kh2 Rad8 24. h4 Bc8 25. h5 Nf8 26. Nh4 Nh7 27. Be2 Rd6 28. Nhf5 Bxf5 29. Nxf5 Qd8 30. Rd1 Rxd1 31. Bxd1 Nxe4 32. Qxe4 Qxd1 33. Qh4 e4 34. c5 Re5 35. Ng3 Nf6 36. Rc4 Ng4+ 37. Kh3 Rg5 38. Rd4 Qg1 39. Qxg4 Rxg4 40. Kxg4 Qxe3 41. Rxe4 f5+ 0-1

[Event "WchT Seniors 65"]
[Site "Struga"]
[Date "2023.09.24"]
[Round "6.2"]
[White "Kosten, Anthony C"]
[Black "Roos, Louis"]
[Result "1-0"]
[WhiteElo "2352"]
[BlackElo "2253"]
[PlyCount "57"]
[EventDate "2023.09.19"]
[EventType "team-swiss"]
[EventRounds "9"]
[EventCountry "MKD"]
[SourceTitle "CBM 216 Extra"]
[Source "ChessBase"]
[SourceDate "2023.11.30"]
[SourceVersion "1"]
[SourceVersionDate "2023.11.30"]
[SourceQuality "1"]
[WhiteTeam "England 65"]
[BlackTeam "France 65"]
[WhiteTeamCountry "ENG"]
[BlackTeamCountry "FRA"]

1. c4 Nf6 2. g3 e5 3. Bg2 h6 4. Nc3 Bb4 5. e4 Bxc3 6. bxc3 d6 7. Ne2 0-0 8. 0-0 Nc6 9. h3 a6 10. a4 Bd7 11. d3 Na5 12. f4 Qe7 13. c5 Rfd8 14. cxd6 cxd6 15. Ba3 Qe6 16. c4 b5 17. axb5 axb5 18. cxb5 Bxb5 19. Nc3 Bc6 20. Bb4 Nb7 21. Qd2 d5 22. Rxa8 Rxa8 23. fxe5 Qxe5 24. Qf2 dxe4 25. dxe4 Nd8 26. Kh2 Ne6 27. Nd5 Bb7 28. Bc3 Nxe4 29. Qxf7+ 1-0

[Event "WchT Seniors 65"]
[Site "Struga"]
[Date "2023.09.22"]
[Round "4.2"]
[White "Kosten, Anthony C"]
[Black "Meister, Jakob"]
[Result "1/2-1/2"]
[WhiteElo "2352"]
[BlackElo "2439"]
[PlyCount "97"]
[EventDate "2023.09.19"]
[EventType "team-swiss"]
[EventRounds "9"]
[EventCountry "MKD"]
[SourceTitle "CBM 216 Extra"]
[Source "ChessBase"]
[SourceDate "2023.11.30"]
[SourceVersion "1"]
[SourceVersionDate "2023.11.30"]
[SourceQuality "1"]
[WhiteTeam "England 65"]
[BlackTeam "Lasker Schachstiftung 65"]
[WhiteTeamCountry "ENG"]
[BlackTeamCountry "GER"]

1. c4 e5 2. g3 Nf6 3. Bg2 Nc6 4. Nc3 Bb4 5. e4 d6 6. Nge2 Bc5 7. h3 h5 8. d3 h4 9. g4 Nh7 10. a3 a6 11. f4 Nd4 12. Nxd4 Bxd4 13. Ne2 c5 14. Nxd4 cxd4 15. 0-0 g5 16. f5 Nf8 17. b4 Nd7 18. Bd2 f6 19. Qb3 b6 20. Rfc1 Rb8 21. Rab1 Qe7 22. a4 Kf8 23. Qa3 Kg7 24. a5 bxa5 25. Qxa5 Bb7 26. Bf3 Rhc8 27. Bd1 Qd8 28. Qa3 Ra8 29. Ba4 Bc6 30. Bxc6 Rxc6 31. Ra1 Rcc8 32. Rc2 Qc7 33. Rca2 Qb7 34. Qb3 a5 35. Rxa5 Rxa5 36. Rxa5 Ra8 37. Qa3 Rxa5 38. Qxa5 Kf7 39. Qd8 Qa7 40. Kf2 Nf8 41. Qxd6 Qa1 42. b5 Qd1 43. Qd5+ Kg7 44. Bxg5 Qxd3 45. Bxf6+ Kxf6 46. g5+ Kg7 47. Qxe5+ Kg8 48. Qd5+ Kh8 49. Qe5+ 1/2-1/2

[Event "EU-chT Seniors 65"]
[Site "Swidnica"]
[Date "2023.07.15"]
[Round "4.2"]
[White "Kosten, Anthony C"]
[Black "Wahlbom, Magnus"]
[Result "1-0"]
[WhiteElo "2358"]
[BlackElo "2130"]
[PlyCount "83"]
[EventDate "2023.07.12"]
[EventType "team-swiss"]
[EventRounds "9"]
[EventCountry "POL"]
[SourceTitle "CBM 215 Extra"]
[Source "ChessBase"]
[SourceDate "2023.09.30"]
[SourceVersion "1"]
[SourceVersionDate "2023.09.30"]
[SourceQuality "1"]
[WhiteTeam "England 65"]
[BlackTeam "Sweden 65"]
[WhiteTeamCountry "ENG"]
[BlackTeamCountry "SWE"]

1. Nf3 Nf6 2. g3 b6 3. Bg2 Bb7 4. 0-0 e6 5. c4 c5 6. Nc3 Be7 7. b3 d6 8. Bb2 Nbd7 9. e3 a6 10. Qe2 0-0 11. Rfd1 Qc7 12. Rac1 Rfe8 13. d4 Bf8 14. d5 exd5 15. Nxd5 Nxd5 16. cxd5 b5 17. Qc2 f6 18. Nd4 Nb6 19. Ne6 Qf7 20. e4 Rxe6 21. dxe6 Qxe6 22. Re1 Re8 23. Qd2 Qf7 24. Qa5 Nd7 25. Rcd1 f5 26. exf5 Rxe1+ 27. Rxe1 Bxg2 28. Kxg2 Qxf5 29. Kg1 d5 30. Qxa6 d4 31. Qc6 b4 32. Kg2 Nf6 33. Qf3 Qd7 34. Bc1 Nd5 35. Bd2 h6 36. Qd3 Nf6 37. Qc4+ Kh8 38. Qe6 Qb7+ 39. Kg1 Qf3 40. Qf7 Bd6 41. Bxh6 gxh6 42. Re8+ 1-0

[Event "BCF-chT2 2223 (4NCL)"]
[Site "England"]
[Date "2023.05.01"]
[Round "11.21"]
[White "Merry, Alan B"]
[Black "Kosten, Anthony C"]
[Result "1-0"]
[WhiteElo "2434"]
[BlackElo "2354"]
[PlyCount "85"]
[EventDate "2022.10.22"]
[EventType "team-tourn"]
[EventRounds "11"]
[EventCountry "ENG"]
[SourceTitle "EXT 2024"]
[Source "ChessBase"]
[SourceDate "2023.10.10"]
[SourceVersion "1"]
[SourceVersionDate "2023.10.10"]
[SourceQuality "1"]
[WhiteTeam "Barbican"]
[BlackTeam "The ADS"]
[WhiteTeamCountry "ENG"]
[BlackTeamCountry "ENG"]

1. d4 Nf6 2. c4 e6 3. g3 d5 4. Nf3 Bb4+ 5. Bd2 Bd6 6. Bg2 0-0 7. 0-0 Nbd7 8. Qb3 c6 9. Nc3 h6 10. Rad1 Qe7 11. Nh4 dxc4 12. Qxc4 Nb6 13. Qb3 Rd8 14. e4 Bc7 15. e5 Nh7 16. Be3 a5 17. a3 a4 18. Qc2 Nf8 19. f4 Bd7 20. Kh1 f5 21. exf6 Qxf6 22. Ne4 Qe7 23. Nc5 Nd5 24. Bc1 b5 25. Rde1 Qf7 26. f5 exf5 27. Nxf5 Bxf5 28. Rxf5 Nf6 29. Ne4 N8h7 30. Qxc6 Rac8 31. Qxb5 Rxd4 32. Ref1 Bd8 33. Be3 Rd7 34. Qxa4 Qe7 35. Nxf6+ Nxf6 36. Bxh6 Ra7 37. Qb3+ Kh7 38. Bg5 Qe2 39. R5f2 Qh5 40. Qd3+ Kh8 41. Rf5 Qe8 42. Bxf6 Bxf6 43. Qd1 1-0

[Event "BCF-chT2 2223 (4NCL)"]
[Site "England"]
[Date "2023.04.30"]
[Round "10.32"]
[White "Kosten, Anthony C"]
[Black "Ismail, Mohammed Aayan"]
[Result "1-0"]
[WhiteElo "2354"]
[BlackElo "2261"]
[PlyCount "55"]
[EventDate "2022.10.22"]
[EventType "team-tourn"]
[EventRounds "11"]
[EventCountry "ENG"]
[SourceTitle "EXT 2024"]
[Source "ChessBase"]
[SourceDate "2023.10.10"]
[SourceVersion "1"]
[SourceVersionDate "2023.10.10"]
[SourceQuality "1"]
[WhiteTeam "The ADS"]
[BlackTeam "KJCA Kings"]
[WhiteTeamCountry "ENG"]
[BlackTeamCountry "ENG"]

1. c4 Nf6 2. g3 g6 3. Bg2 Bg7 4. Nc3 0-0 5. e4 c5 6. Nge2 Nc6 7. d3 d6 8. 0-0 Rb8 9. h3 Ne8 10. Be3 Nd4 11. Rb1 Nxe2+ 12. Nxe2 Bd7 13. b4 Qc8 14. bxc5 dxc5 15. Kh2 Nd6 16. Qc1 b5 17. cxb5 Bxb5 18. Nf4 Qa6 19. Bxc5 e5 20. a4 Bxa4 21. Nd5 Rxb1 22. Qxb1 Rd8 23. Qb4 Bc2 24. Qc3 Bxd3 25. Rd1 Be2 26. Ne7+ Kf8 27. Rxd6 Rxd6 28. Nc8 1-0

[Event "BCF-chT2 2223 (4NCL)"]
[Site "England"]
[Date "2023.04.29"]
[Round "9.31"]
[White "Kosten, Anthony C"]
[Black "Cumming, Rhys"]
[Result "1-0"]
[WhiteElo "2354"]
[BlackElo "2360"]
[PlyCount "81"]
[EventDate "2022.10.22"]
[EventType "team-tourn"]
[EventRounds "11"]
[EventCountry "ENG"]
[SourceTitle "EXT 2024"]
[Source "ChessBase"]
[SourceDate "2023.10.10"]
[SourceVersion "1"]
[SourceVersionDate "2023.10.10"]
[SourceQuality "1"]
[WhiteTeam "The ADS"]
[BlackTeam "Sussex Martlets"]
[WhiteTeamCountry "ENG"]
[BlackTeamCountry "ENG"]

1. c4 Nf6 2. Nc3 e5 3. Nf3 e4 4. Nd4 Nc6 5. e3 Bb4 6. Qb3 Bxc3 7. Qxc3 0-0 8. Nxc6 dxc6 9. b3 Nd7 10. Bb2 Qf6 11. Qxf6 Nxf6 12. Be5 Ne8 13. d3 Bf5 14. dxe4 Bxe4 15. f3 Bg6 16. 0-0-0 f6 17. Bf4 Nd6 18. e4 Rfd8 19. Be2 Ne8 20. g4 c5 21. h4 Kf8 22. h5 Bf7 23. e5 fxe5 24. Bxe5 Nd6 25. Bd3 Kg8 26. f4 Be8 27. h6 g6 28. f5 gxf5 29. gxf5 Rd7 30. Rhg1+ Kf8 31. Rde1 Bh5 32. Bc2 Re8 33. Rg5 Bf3 34. Bxd6+ Rxd6 35. Rxe8+ Kxe8 36. Rg8+ Kf7 37. Rg7+ Kf8 38. Rxh7 Bc6 39. Rh8+ Kf7 40. h7 Rh6 41. f6 1-0

[Event "Beirut op 11th"]
[Site "Beirut"]
[Date "2022.11.19"]
[Round "9"]
[White "Koniahli, Malek"]
[Black "Kosten, Anthony C"]
[Result "0-1"]
[WhiteElo "2209"]
[BlackElo "2368"]
[PlyCount "50"]
[EventDate "2022.11.12"]
[EventType "swiss"]
[EventRounds "9"]
[EventCountry "LBN"]
[SourceTitle "CBM 211 Extra"]
[Source "ChessBase"]
[SourceDate "2023.01.31"]
[SourceVersion "1"]
[SourceVersionDate "2023.01.31"]
[SourceQuality "1"]

1. e4 e5 2. Nf3 Nc6 3. Bb5 a6 4. Ba4 d6 5. c3 Bd7 6. 0-0 Nge7 7. d4 Ng6 8. Re1 Be7 9. Nbd2 0-0 10. dxe5 Ncxe5 11. Bc2 Re8 12. Nd4 Bg5 13. Nf1 Bxc1 14. Qxc1 Qf6 15. Ng3 Nf4 16. Qd1 g6 17. Nde2 Nxg2 18. Kxg2 Qf3+ 19. Kg1 Bh3 20. Nf4 Qxf4 21. Re3 Bg4 22. Qf1 Nf3+ 23. Kh1 Ng5 24. Qe1 Bf3+ 25. Kg1 h5 0-1

[Event "Beirut op 11th"]
[Site "Beirut"]
[Date "2022.11.15"]
[Round "5"]
[White "Kaloust, Giorgio"]
[Black "Kosten, Anthony C"]
[Result "1/2-1/2"]
[WhiteElo "1990"]
[BlackElo "2368"]
[PlyCount "57"]
[EventDate "2022.11.12"]
[EventType "swiss"]
[EventRounds "9"]
[EventCountry "LBN"]
[SourceTitle "CBM 211 Extra"]
[Source "ChessBase"]
[SourceDate "2023.01.31"]
[SourceVersion "1"]
[SourceVersionDate "2023.01.31"]
[SourceQuality "1"]

1. d4 Nf6 2. c4 e6 3. g3 d5 4. Bg2 Bb4+ 5. Nd2 0-0 6. Ngf3 c5 7. 0-0 cxd4 8. cxd5 Nxd5 9. Nxd4 e5 10. Nc2 Nc6 11. Nc4 Be6 12. Nxe5 Nxe5 13. Bxd5 Bxd5 14. Nxb4 Bc4 15. Qxd8 Raxd8 16. Re1 Rfe8 17. Bf4 a5 18. Nc2 Nc6 19. Be3 a4 20. Na3 Be6 21. Nb5 Nb4 22. Nc7 Nc2 23. Nxe8 Rxe8 24. Rec1 Nxa1 25. Rxa1 Rc8 26. a3 Rc2 27. Rd1 h5 28. Rd2 Rxd2 29. Bxd2 1/2-1/2

[Event "Beirut op 11th"]
[Site "Beirut"]
[Date "2022.11.12"]
[Round "1"]
[White "Hamadeh, Sally"]
[Black "Kosten, Anthony C"]
[Result "0-1"]
[WhiteElo "1121"]
[BlackElo "2368"]
[PlyCount "60"]
[EventDate "2022.11.12"]
[EventType "swiss"]
[EventRounds "9"]
[EventCountry "LBN"]
[SourceTitle "CBM 211 Extra"]
[Source "ChessBase"]
[SourceDate "2023.01.31"]
[SourceVersion "1"]
[SourceVersionDate "2023.01.31"]
[SourceQuality "1"]

1. e4 e5 2. Nf3 Nc6 3. Bc4 Nf6 4. Ng5 d5 5. exd5 Na5 6. Bb5+ Bd7 7. Bxd7+ Qxd7 8. Nc3 Nxd5 9. Qe2 f6 10. Nf3 Nf4 11. Qf1 0-0-0 12. d3 Bb4 13. Bd2 Nc6 14. 0-0-0 Rhe8 15. g3 Nd5 16. Nxd5 Qxd5 17. Bxb4 Nxb4 18. Qh3+ Kb8 19. Nd2 Qxa2 20. Qxh7 Qa1+ 21. Nb1 Na2+ 22. Kd2 Qxb2 23. Qxg7 e4 24. Ke1 exd3+ 25. Kf1 dxc2 26. Rxd8+ Rxd8 27. Qe7 Qb5+ 28. Kg2 Qc6+ 29. Kh3 Rh8+ 30. Kg4 f5+ 0-1

[Event "FRA-chT Top 12"]
[Site "Brest"]
[Date "2019.05.28"]
[Round "11.5"]
[White "Bressac, Stephane"]
[Black "Kosten, Anthony C"]
[Result "1-0"]
[WhiteElo "2358"]
[BlackElo "2419"]
[PlyCount "83"]
[EventDate "2019.05.18"]
[EventType "team-tourn"]
[EventRounds "11"]
[EventCountry "FRA"]
[SourceTitle "CBM 190 Extra"]
[Source "ChessBase"]
[SourceDate "2019.07.15"]
[SourceVersion "1"]
[SourceVersionDate "2019.07.15"]
[SourceQuality "1"]
[WhiteTeam "Cannes"]
[BlackTeam "Monaco"]
[WhiteTeamCountry "FRA"]
[BlackTeamCountry "FRA"]

1. e4 e5 2. Nf3 Nc6 3. Nc3 Nf6 4. Bb5 Bc5 5. 0-0 0-0 6. Nxe5 Nxe5 7. d4 Bd6 8. f4 Nc6 9. e5 Bb4 10. d5 Qe7 11. exf6 Qc5+ 12. Kh1 Bxc3 13. bxc3 Qxb5 14. dxc6 Qxc6 15. Ba3 d6 16. Qd3 Re8 17. Qg3 g6 18. Qg5 Kh8 19. Rf3 Bf5 20. Qh6 Rg8 21. Re1 Rae8 22. Rfe3 Rxe3 23. Rxe3 Qb6 24. Bc1 Qb1 25. Re1 Qxc2 26. h3 Be4 27. Qg5 Re8 28. Kh2 d5 29. Ba3 c5 30. Bxc5 Qxc3 31. Qxd5 Qc2 32. Bf2 Qxf2 33. Rxe4 Rf8 34. Qd6 Kg8 35. Rc4 Qe2 36. Rc7 Qe4 37. a3 h6 38. Re7 Qc6 39. Qe5 Rd8 40. Rxf7 Qd6 41. Rg7+ Kh8 42. Rxg6 1-0

[Event "FRA-chT Top 12"]
[Site "Brest"]
[Date "2019.05.26"]
[Round "9.1"]
[White "Cossin, Sebastien"]
[Black "Kosten, Anthony C"]
[Result "1-0"]
[WhiteElo "2494"]
[BlackElo "2419"]
[PlyCount "101"]
[EventDate "2019.05.18"]
[EventType "team-tourn"]
[EventRounds "11"]
[EventCountry "FRA"]
[SourceTitle "CBM 190 Extra"]
[Source "ChessBase"]
[SourceDate "2019.07.15"]
[SourceVersion "1"]
[SourceVersionDate "2019.07.15"]
[SourceQuality "1"]
[WhiteTeam "Tours Hauts de France St Quentin"]
[BlackTeam "Monaco"]
[WhiteTeamCountry "FRA"]
[BlackTeamCountry "FRA"]

1. d4 Nf6 2. c4 b6 3. Nc3 Bb7 4. f3 d5 5. cxd5 Nxd5 6. e4 Nxc3 7. bxc3 e5 8. Bb5+ Nd7 9. Ne2 a6 10. Bxd7+ Qxd7 11. dxe5 Qe6 12. Bf4 Bc5 13. Nd4 Qc4 14. Qb3 Qxb3 15. axb3 a5 16. e6 f6 17. Bxc7 g6 18. Bg3 Ke7 19. Bf2 Rhc8 20. 0-0 Bd6 21. Nb5 Bc5 22. Rfc1 Kxe6 23. c4 Bc6 24. Nc3 f5 25. Nd5 Bxd5 26. exd5+ Kd6 27. Kf1 Bxf2 28. Kxf2 b5 29. Ke3 Kc5 30. cxb5+ Kxd5 31. Rxc8 Rxc8 32. Kd3 Ra8 33. Ra4 Rb8 34. Rxa5 Kc5 35. Ra7 Rd8+ 36. Ke3 Re8+ 37. Kf2 h6 38. Ra6 Rg8 39. h4 Kxb5 40. Rf6 Kb4 41. h5 gxh5 42. Rxf5 Kxb3 43. Rxh5 Rg6 44. Rc5 Kb4 45. Rc1 Kb5 46. g4 Kb6 47. Kg3 h5 48. Kh4 hxg4 49. fxg4 Rh6+ 50. Kg5 Rh8 51. Kf6 1-0

[Event "FRA-chT Top 12"]
[Site "Brest"]
[Date "2019.05.24"]
[Round "7.4"]
[White "Kosten, Anthony C"]
[Black "Fedorchuk, Sergey A"]
[Result "0-1"]
[WhiteElo "2419"]
[BlackElo "2620"]
[PlyCount "134"]
[EventDate "2019.05.18"]
[EventType "team-tourn"]
[EventRounds "11"]
[EventCountry "FRA"]
[SourceTitle "CBM 190 Extra"]
[Source "ChessBase"]
[SourceDate "2019.07.15"]
[SourceVersion "1"]
[SourceVersionDate "2019.07.15"]
[SourceQuality "1"]
[WhiteTeam "Monaco"]
[BlackTeam "Metz Fischer"]
[WhiteTeamCountry "FRA"]
[BlackTeamCountry "FRA"]

1. Nf3 Nf6 2. c4 e6 3. g3 a6 4. Bg2 b5 5. b3 Bb7 6. Nc3 b4 7. Na4 c5 8. 0-0 Be7 9. d4 cxd4 10. Qxd4 0-0 11. Rd1 Bc6 12. Ne5 Bxg2 13. Kxg2 d6 14. Nb6 Qe8 15. Nf3 Nc6 16. Qd3 Rb8 17. c5 dxc5 18. Qxa6 Nd4 19. Na4 Nb5 20. Ne5 Ra8 21. Qc6 Nd5 22. Bb2 Bf6 23. Qxe8 Rfxe8 24. Rdc1 Nbc3 25. Nd7 Nxa4 26. Nxf6+ Nxf6 27. bxa4 Nd7 28. a3 b3 29. Rc3 Reb8 30. Rd1 Rb7 31. Rdd3 Rba7 32. Rd6 Rb8 33. Rdd3 Rba8 34. Rd6 Rb8 35. Rdd3 Rab7 36. a5 Kf8 37. a6 Ra7 38. Rxb3 Rxb3 39. Rxb3 Rxa6 40. Rd3 Ra7 41. Rd6 Rb7 42. Bc1 Rc7 43. a4 Ke7 44. Rd2 Ra7 45. Ra2 Kd6 46. a5 Kc6 47. Bd2 Nb8 48. Kf3 Rb7 49. g4 Na6 50. h4 Nb4 51. Ra4 Kb5 52. Ra1 Ra7 53. Bc3 g6 54. e4 Kc4 55. Be5 Nc6 56. Rc1+ Kb5 57. Bc3 Nxa5 58. Ra1 Nc6 59. Rxa7 Nxa7 60. Kf4 Kc4 61. Ba1 Kd3 62. Ke5 Nc6+ 63. Kf6 Kxe4 64. Kxf7 Ne5+ 65. Kg7 Nxg4 66. Kxh7 Kf5 67. f3 Nh2 0-1

[Event "Cap d'Agde op 16th"]
[Site "Cap d'Agde"]
[Date "2018.10.29"]
[Round "4"]
[White "Kravtsiv, Martyn"]
[Black "Kosten, Anthony C"]
[Result "1-0"]
[WhiteElo "2654"]
[BlackElo "2437"]
[PlyCount "39"]
[EventDate "2018.10.27"]
[EventType "swiss"]
[EventRounds "9"]
[EventCountry "FRA"]
[SourceTitle "CBM 187 Extra"]
[Source "ChessBase"]
[SourceDate "2018.11.04"]
[SourceVersion "1"]
[SourceVersionDate "2018.11.04"]
[SourceQuality "1"]

1. d4 Nf6 2. c4 e6 3. Nc3 Bb4 4. f3 c5 5. d5 0-0 6. e4 d6 7. Nge2 a6 8. Ng3 b5 9. Kf2 exd5 10. Nxd5 Nxd5 11. Qxd5 Ra7 12. Bg5 Qb6 13. Rd1 Nc6 14. Nf5 bxc4 15. Nxg7 Kxg7 16. Qxd6 Be6 17. Bh6+ Kxh6 18. Qxf8+ Kg6 19. f4 Nd4 20. Qg8+ 1-0

[Event "Espalion op 3rd"]
[Site "Espalion"]
[Date "2018.07.17"]
[Round "5"]
[White "Kosten, Anthony C"]
[Black "Kurayan, Ruslan"]
[Result "0-1"]
[WhiteElo "2439"]
[BlackElo "2366"]
[PlyCount "76"]
[EventDate "2018.07.14"]
[EventType "swiss"]
[EventRounds "9"]
[EventCountry "FRA"]
[SourceTitle "CBM 185 Extra"]
[Source "ChessBase"]
[SourceDate "2018.07.29"]
[SourceVersion "1"]
[SourceVersionDate "2018.07.29"]
[SourceQuality "1"]

1. c4 Nf6 2. g3 g6 3. Bg2 Bg7 4. Nc3 0-0 5. e4 c5 6. Nge2 Nc6 7. d3 a6 8. 0-0 Ne8 9. Be3 d6 10. d4 cxd4 11. Nxd4 Nc7 12. Nxc6 bxc6 13. c5 Rb8 14. cxd6 Qxd6 15. Qc2 Nb5 16. Ne2 Bg4 17. Rad1 Qc7 18. h3 Bxe2 19. Qxe2 c5 20. Rd5 Nd4 21. Qc4 Rb4 22. Qxc5 Qxc5 23. Rxc5 Rxb2 24. Ra5 Rc8 25. Rxa6 Be5 26. Rd1 Nc2 27. Rc1 Rd8 28. Bc5 Rd2 29. Kh1 Bd4 30. Ra8+ Kg7 31. Rd8 Rxf2 32. Rxd4 Rxg2 33. Rc4 Re2 34. a4 f6 35. e5 Ne1 36. exf6+ exf6 37. R4c3 Rh2+ 38. Kg1 Rbg2+ 0-1